00686nam a2200169 a 450000100100000000500170001000800410002704000250006808200090009310000260010224500440012826000420017230000280021459000750024295201820031799900170049900003541520200930074326.0111031s2004 fr a 000 0 spa d aDO-SdBNPbspacBNPHU aXXXX1 aAugé, Claude96124710aGrammaire cours moyen /cClaude Augé. aParis :bLibrairie Larousse,c[191u]? a287 p. :bil. ;c18 cm. aPerteneció a la biblioteca personal de Juan Isidro Jimenes Grullón 001050718MOaGRbGRcHDd2011-10-31iLF1l0oXXXX p35415-10r2020-06-25w2020-06-25y1zPerteneció a la biblioteca personal de Juan Isidro Jimenes Grullón.ZNo se presta c34906d34906